| 000 | 00400nam a2200133 4500 | ||
|---|---|---|---|
| 008 | 231218b |||||||| |||| 00| 0 eng d | ||
| 082 |
_a362.8292 _bWIJ |
||
| 100 | _aWijayatilake, Dhara | ||
| 245 |
_aCases filed under the prevention of domestic violence act, No. 34 of 2005: _ban analysis |
||
| 260 |
_a[Colombo]: _bWomen in need, _c2009 |
||
| 300 | _a60 p. | ||
| 650 | _aDOMESTIC VIOLENCE | ||
| 942 | _cRP | ||
| 999 |
_c4527 _d4527 |
||